00966nam a2200229 a 4500001001000000003000500010005001700015008004100032010001100073011001100084040000900095100003800104245018900142260004100331500006000372502010500432650003700537650002800574650003800602650002600640856007000666000115369CHAP20220329144531.0190515s2018 mx a |sm |||||||spa d a111830 a112802 cCHAP1 aVázquez Torres, Alondra Lucero.10aCaracterización morfológica y molecular de la cenicilla en acelga (Beta vulgaris L. subsp. cicla (L.) koch) en Texcoco, Méxicoh[En línea]cpor Alondra Lucero Vázquez Torres. aChapingo, Méx. :bEl autor,c2018. aPara ver el contenido del material haga clic en la liga aTesis (Ing. Agr. Esp. en Parasitología Agricola) -- UACH. Departamento de Parasitología Agricola14aAcelgaxEnfermedades por hongos.14aCenicilla de la acelga.14aErysiphe betaexIdentificación.14aMorfología vegetal. aFinding aiduhttp://10.13.5.2/tesis/sist115369.pdfzTeclea aquí